[Event "Titled Tuesday intern op 03rd Aug"]
[Site "Chess.com INT"]
[Date "2021.08.03"]
[Round "9"]
[White "Miszler, Levente"]
[Black "Puchka, Vladislav"]
[Result "1-0"]
[WhiteElo "2251"]
[BlackElo "1834"]
[PlyCount "113"]
[EventDate "2021.08.03"]
[EventType "swiss (blitz)"]
[EventRounds "11"]
[EventCountry "USA"]
[SourceTitle "CBM 203 Extra"]
[Source "ChessBase"]
[SourceDate "2021.09.30"]
[SourceVersion "1"]
[SourceVersionDate "2021.09.30"]
[SourceQuality "1"]

1. Nf3 d5 2. c4 c6 3. g3 Nf6 4. Bg2 Bg4 5. 0-0 Bxf3 6. Bxf3 e6 7. d4 Nbd7 8. Nd2 Be7 9. e4 dxe4 10. Nxe4 Nxe4 11. Bxe4 Nf6 12. Bg2 0-0 13. h3 h6 14. Be3 Qd7 15. Qc2 Rfd8 16. Rfd1 Rac8 17. Rd2 Bb4 18. Rd3 Qe8 19. Rad1 a6 20. Qa4 Bd6 21. Rb3 Rb8 22. Qa5 Qe7 23. Qd2 Kh7 24. Qe2 e5 25. dxe5 Bxe5 26. Rxd8 Rxd8 27. Bf4 Re8 28. Bxe5 Qxe5 29. Qxe5 Rxe5 30. Rxb7 Re1+ 31. Kh2 Re2 32. Bxc6 Rxf2+ 33. Kg1 Rc2 34. Bd5 Nxd5 35. cxd5 Kg6 36. d6 f6 37. d7 Rd2 38. b4 Kf5 39. Kf1 Ke6 40. a4 Rxd7 41. Rxd7 Kxd7 42. Kf2 Kd6 43. Kf3 Kd5 44. Kf4 g6 45. h4 Kc4 46. b5 axb5 47. axb5 Kxb5 48. h5 gxh5 49. Kf5 Kc6 50. Kxf6 Kd7 51. Kg6 Ke7 52. Kxh5 Kf7 53. Kxh6 Kg8 54. Kg6 Kh8 55. g4 Kg8 56. g5 Kh8 57. Kf7 1-0

[Event "Titled Tuesday intern op 03rd Aug"]
[Site "Chess.com INT"]
[Date "2021.08.03"]
[Round "3"]
[White "Puchka, Vladislav"]
[Black "Shirazi, Kamran"]
[Result "1-0"]
[WhiteElo "1834"]
[BlackElo "2333"]
[PlyCount "111"]
[EventDate "2021.08.03"]
[EventType "swiss (blitz)"]
[EventRounds "11"]
[EventCountry "USA"]
[SourceTitle "CBM 203 Extra"]
[Source "ChessBase"]
[SourceDate "2021.09.30"]
[SourceVersion "1"]
[SourceVersionDate "2021.09.30"]
[SourceQuality "1"]

1. d4 d5 2. c4 e6 3. Nc3 c5 4. cxd5 exd5 5. Nf3 Nc6 6. e3 Nf6 7. Bb5 Bd6 8. dxc5 Bxc5 9. 0-0 0-0 10. a3 Bg4 11. h3 Bh5 12. Be2 a6 13. b4 Ba7 14. Bb2 Re8 15. Rc1 Qd6 16. Nb1 Rad8 17. Nbd2 d4 18. Nxd4 Bxe2 19. Qxe2 Nxd4 20. Bxd4 Qxd4 21. Nf3 Qe4 22. Rfd1 h6 23. Rxd8 Rxd8 24. Rc4 Qb1+ 25. Kh2 Bb8+ 26. g3 Ne4 27. Nd4 g6 28. Rc2 h5 29. Qf3 Ng5 30. Qxb7 h4 31. Qe7 hxg3+ 32. fxg3 Rxd4 33. Rc8+ Kh7 34. exd4 Qb2+ 35. Kh1 Qa1+ 36. Kg2 Qa2+ 37. Kf1 Qd5 38. Qe3 Qh1+ 39. Ke2 Qg2+ 40. Kd3 Qxg3 41. Qxg3 Bxg3 42. Ra8 Nxh3 43. Rxa6 Nf4+ 44. Ke4 Ne6 45. Ra7 Kg7 46. b5 Nxd4 47. b6 Nf5 48. b7 Nd6+ 49. Kd5 Nb5 50. Ra8 Bc7 51. Kc6 Nxa3 52. Kxc7 Nb5+ 53. Kb6 Nd6 54. b8Q Nc4+ 55. Kc5 Ne3 56. Qh8# 1-0

[Event "Titled Tuesday intern op 03rd Aug"]
[Site "Chess.com INT"]
[Date "2021.08.03"]
[Round "6"]
[White "Tarigan, Gilbert Elroy"]
[Black "Puchka, Vladislav"]
[Result "1-0"]
[WhiteElo "2149"]
[BlackElo "1834"]
[PlyCount "73"]
[EventDate "2021.08.03"]
[EventType "swiss (blitz)"]
[EventRounds "11"]
[EventCountry "USA"]
[SourceTitle "CBM 203 Extra"]
[Source "ChessBase"]
[SourceDate "2021.09.30"]
[SourceVersion "1"]
[SourceVersionDate "2021.09.30"]
[SourceQuality "1"]

1. c3 d5 2. Qa4+ c6 3. Qh4 Nf6 4. f3 h6 5. Kd1 Bf5 6. g4 Bh7 7. Qe1 Nbd7 8. d3 e5 9. h4 Bd6 10. g5 Ng8 11. e4 Qc7 12. Kc2 0-0-0 13. Bh3 Kb8 14. Nd2 f6 15. Nb3 hxg5 16. hxg5 Bg6 17. Ne2 dxe4 18. fxe4 Nc5 19. Nxc5 Bxc5 20. Ng3 Ne7 21. Be3 Bxe3 22. Qxe3 Qd6 23. gxf6 gxf6 24. Rad1 Bf7 25. a3 Be6 26. Bxe6 Qxe6 27. Rdf1 Ng6 28. Ne2 Rxh1 29. Rxh1 Rh8 30. Rxh8+ Nxh8 31. Qh6 Nf7 32. Qf8+ Kc7 33. Ng3 Nd6 34. Nh5 f5 35. Ng7 Qh6 36. Ne8+ Nxe8 37. Qxh6 1-0

[Event "Titled Tuesday intern op 27th Apr"]
[Site "Chess.com INT"]
[Date "2021.04.27"]
[Round "9"]
[White "Grabinsky, Vladimir"]
[Black "Puchka, Vladislav"]
[Result "1-0"]
[WhiteElo "2219"]
[BlackElo "1834"]
[PlyCount "67"]
[EventDate "2021.04.27"]
[EventType "swiss (blitz)"]
[EventRounds "11"]
[EventCountry "USA"]
[SourceTitle "CBM 202 Extra"]
[Source "ChessBase"]
[SourceDate "2021.07.31"]
[SourceVersion "1"]
[SourceVersionDate "2021.07.31"]
[SourceQuality "1"]

1. e4 d5 2. exd5 Qxd5 3. Nc3 Qd8 4. d4 Nf6 5. Bc4 a6 6. Nge2 e6 7. 0-0 b5 8. Bd3 Bb7 9. a4 b4 10. Nb1 c5 11. Nd2 cxd4 12. Nb3 Nc6 13. Nexd4 Nxd4 14. Nxd4 Qd5 15. Nf3 Bc5 16. Qe2 0-0 17. Bf4 Qh5 18. a5 Rfd8 19. Rfe1 Ng4 20. Be4 Bxe4 21. Qxe4 Bxf2+ 22. Kh1 Bxe1 23. Rxe1 Nf6 24. Qxb4 Qb5 25. Qa3 Nd5 26. Be5 Qb4 27. Qa1 Rdc8 28. c3 Qb5 29. Nd4 Qd3 30. Qc1 Ra7 31. Rf1 Rb7 32. Rf3 f6 33. Rxd3 fxe5 34. Nxe6 1-0

[Event "Titled Tuesday intern op 27th Apr"]
[Site "Chess.com INT"]
[Date "2021.04.27"]
[Round "6"]
[White "Viskelis, Darius"]
[Black "Puchka, Vladislav"]
[Result "1-0"]
[WhiteElo "2223"]
[BlackElo "1834"]
[PlyCount "167"]
[EventDate "2021.04.27"]
[EventType "swiss (blitz)"]
[EventRounds "11"]
[EventCountry "USA"]
[SourceTitle "CBM 202 Extra"]
[Source "ChessBase"]
[SourceDate "2021.07.31"]
[SourceVersion "1"]
[SourceVersionDate "2021.07.31"]
[SourceQuality "1"]

1. e4 d5 2. exd5 Qxd5 3. Nc3 Qd8 4. Bc4 Nf6 5. Nf3 e6 6. 0-0 a6 7. d4 b5 8. Bb3 c5 9. dxc5 Qxd1 10. Rxd1 Bb7 11. Be3 Nbd7 12. a4 b4 13. Ne2 Bxf3 14. gxf3 Bxc5 15. Bxc5 Nxc5 16. Bc4 0-0 17. Rd6 a5 18. b3 Rfd8 19. Rad1 Nb7 20. Rxd8+ Rxd8 21. Rxd8+ Nxd8 22. c3 Nc6 23. Bb5 Na7 24. cxb4 axb4 25. Nd4 Nd5 26. Bc4 Kf8 27. Kf1 Ke7 28. Ke2 Kd6 29. Kd3 Kc5 30. Nc2 Nf4+ 31. Ke4 Ng6 32. Ne1 Nc6 33. Nd3+ Kb6 34. f4 Nge7 35. Bb5 h6 36. Bxc6 Nxc6 37. Ne5 Na5 38. Nd3 Nxb3 39. Nxb4 Nc5+ 40. Ke5 Nxa4 41. Kd6 Nc3 42. Ke7 Nd5+ 43. Kxf7 Nxf4 44. Kxg7 h5 45. Kf6 h4 46. Kg5 Nh3+ 47. Kxh4 Nxf2 48. Kg3 Ne4+ 49. Kf4 Nf2 50. h4 Kc5 51. h5 Nh3+ 52. Kg4 Nf2+ 53. Kf3 Nh3 54. Kg4 Nf2+ 55. Kh4 Ne4 56. h6 Nf6 57. Nd3+ Kd4 58. Kg5 Nh7+ 59. Kg6 Nf8+ 60. Kg7 Kxd3 61. Kxf8 e5 62. h7 e4 63. h8Q e3 64. Qh3 Kd2 65. Qd7+ Ke1 66. Qd3 e2 67. Ke7 Kf2 68. Qf5+ Kg1 69. Qe4 Kf2 70. Qf4+ Kg1 71. Qe3+ Kf1 72. Qf3+ Ke1 73. Ke6 Kd2 74. Qf2 Kd1 75. Qd4+ Kc2 76. Qe3 Kd1 77. Qd3+ Ke1 78. Ke5 Kf2 79. Qd2 Kf1 80. Qf4+ Kg1 81. Qe3+ Kf1 82. Qf3+ Ke1 83. Ke4 Kd1 84. Ke3 1-0

[Event "Titled Tuesday intern op 13th Apr"]
[Site "Chess.com INT"]
[Date "2021.04.13"]
[Round "1"]
[White "Puchka, Vladislav"]
[Black "Escobar Forero, Alder"]
[Result "0-1"]
[WhiteElo "1834"]
[BlackElo "2510"]
[PlyCount "58"]
[EventDate "2021.04.13"]
[EventType "swiss (blitz)"]
[EventRounds "11"]
[EventCountry "USA"]
[SourceTitle "CBM 201 Extra"]
[Source "ChessBase"]
[SourceDate "2021.05.31"]
[SourceVersion "1"]
[SourceVersionDate "2021.05.31"]
[SourceQuality "1"]

1. d4 d5 2. c4 e6 3. Nc3 Nf6 4. cxd5 exd5 5. Bg5 c6 6. Qc2 Be7 7. e3 Nbd7 8. Bd3 h6 9. Bh4 Nh5 10. Bxe7 Qxe7 11. Nge2 Nb6 12. 0-0 Bg4 13. Ng3 Nxg3 14. hxg3 0-0 15. a3 Nc8 16. b4 a6 17. Rab1 Nd6 18. a4 Rac8 19. Qb3 h5 20. b5 axb5 21. axb5 h4 22. gxh4 Qxh4 23. bxc6 bxc6 24. Qb4 Rfd8 25. Ne2 Bxe2 26. Bxe2 g6 27. Rfc1 Ne4 28. Qe1 Kg7 29. Rb6 Rh8 0-1

[Event "Titled Tuesday intern op 13th Apr"]
[Site "Chess.com INT"]
[Date "2021.04.13"]
[Round "6"]
[White "Puchka, Vladislav"]
[Black "Toncheva, Nadya"]
[Result "0-1"]
[WhiteElo "1834"]
[BlackElo "2207"]
[PlyCount "80"]
[EventDate "2021.04.13"]
[EventType "swiss (blitz)"]
[EventRounds "11"]
[EventCountry "USA"]
[SourceTitle "CBM 201 Extra"]
[Source "ChessBase"]
[SourceDate "2021.05.31"]
[SourceVersion "1"]
[SourceVersionDate "2021.05.31"]
[SourceQuality "1"]

1. d4 d6 2. c4 Nd7 3. Nc3 e5 4. d5 g6 5. e4 Bg7 6. g3 Ne7 7. Bg2 0-0 8. Nge2 f5 9. 0-0 h6 10. f4 a6 11. Be3 Qe8 12. Qd2 Kh7 13. Rab1 Nf6 14. h3 fxe4 15. Kh2 exf4 16. Nxf4 Nf5 17. Rbe1 Bd7 18. Bf2 g5 19. Nxe4 Nxe4 20. Bxe4 Qf7 21. Ng2 Kh8 22. Bxf5 Bxf5 23. Bd4 Qg6 24. Ne3 Be4 25. Ng4 Bf5 26. Ne3 Bd7 27. Bxg7+ Kxg7 28. Qd4+ Kh7 29. Rxf8 Rxf8 30. Re2 Bxh3 31. Kxh3 Qh5+ 32. Kg2 Qxe2+ 33. Kh3 Qh5+ 34. Kg2 Qf3+ 35. Kh3 Qf6 36. Qd3+ Kh8 37. Ng4 Qg7 38. Kg2 h5 39. Nf2 Qxb2 40. Qf3 Rxf3 0-1